Normale Ansicht MARC-Ansicht ISBD

Kleine Parknacht fällt ins Wasser. (Titelsatznr. 371816)

[ MARC ]
MARC-Details
000 -Satzkennung
Kontrollfeld mit fester Länge 00777nam a22001817a 4500
008 - Feld mit fester Länge zur physischen Beschreibung - Allgemeine Angaben
Kontrollfeld mit fester Länge 201127b ||||| |||| 00| 0 eng d
040 ## - Katalogisierungsquelle
Original-Katalogisierungsstelle DE-2950
Katalogisierungssprache ger
Übertragungsstelle DE-2950
Beschreibungsfestlegungen rda
041 ## - Sprachcode
Sprachcode des Textes/der Tonspur oder des separaten Titels ger
245 ## - Titel
Haupttitel Kleine Parknacht fällt ins Wasser.
Titelzusatz Kultur. Kurzfristig musste die Bürgerinitiative Lennépark aufgrund des Regens am Sonnabend die 12. Auflage ihrer Veranstaltung absagen. Das stieß nicht bei allen auf Verständnis/
Verantwortlichkeitsangabe Jörg Kotterba
264 ## - Veröffentlichungsangabe, Vertriebsangabe, Herstellungsangabe
Erscheinungs-, Vertriebs-, Herstellungsdatum 2022
653 ## - Lokales Schlagwort
Nicht-normierter Term Frankfurt (Oder)
653 ## - Lokales Schlagwort
Nicht-normierter Term Kleine Parknacht
773 ## - Übergeordnete Einheit
Ort, Verlag und Erscheinungsjahr Frankfurt (Oder) Märkisches Verlags- und Druckhaus GmbH & Co KG
Titel Märkische Oderzeitung
Verknüpfungsangaben 33. Jahrgang (2022) Nr. 195 vom 22.08.2022, S. 13, mit Bild
942 ## - Zusätzliche Felder (Koha)
Koha-Medientyp Aufsätze
Exemplare
Ausgeschieden Verloren Beschädigt Nicht entleihbar Permanenter Standort Aktueller Standort Aufstellungsort Eingabedatum Anzahl Ausleihen Signatur Letzte Aktivität Preis gültig von Medientyp
        Stadtarchiv Frankfurt (Oder) | Archivbibliothek Stadtarchiv Frankfurt (Oder) | Archivbibliothek Magazin 29/08/2022   Z2 29/08/2022 29/08/2022 Aufsätze